A pride of healers / (Запис № 539033)

МАРК-запис
000 -LEADER
fixed length control field 01178cam a2200277Ii 4500
001 - CONTROL NUMBER
control field prideofhealers00hirs
003 - CONTROL NUMBER IDENTIFIER
control field CaSfIA
005 - DATE AND TIME OF LATEST TRANSACTION
control field 20210118212000.0
007 - PHYSICAL DESCRIPTION FIXED FIELD--GENERAL INFORMATION
fixed length control field cr||||
008 - FIXED-LENGTH DATA ELEMENTS--GENERAL INFORMATION
fixed length control field 791030s1978 nyu 000 1 eng d
040 ## - CATALOGING SOURCE
Original cataloging agency BPL
Transcribing agency BPL
Modifying agency OCLCQ
-- CaSfIA
020 ## - INTERNATIONAL STANDARD BOOK NUMBER
International Standard Book Number 0553114263
020 ## - INTERNATIONAL STANDARD BOOK NUMBER
International Standard Book Number 9780553114263
035 ## - SYSTEM CONTROL NUMBER
System control number (OCoLC)5625089
050 ## - LIBRARY OF CONGRESS CALL NUMBER
Classification number PZ4.H67234
Item number Pr
Classification number PS3558.I675
082 ## - DEWEY DECIMAL CLASSIFICATION NUMBER
Classification number 813.54
100 1# - MAIN ENTRY--PERSONAL NAME
Personal name Hirschhorn, Richard Clark.
245 12 - TITLE STATEMENT
Title A pride of healers /
Medium [electronic resource]
Statement of responsibility, etc Richard Clark Hirschhorn.
260 ## - PUBLICATION, DISTRIBUTION, ETC. (IMPRINT)
Place of publication, distribution, etc New York :
Name of publisher, distributor, etc Bantam,
Date of publication, distribution, etc 1978.
300 ## - PHYSICAL DESCRIPTION
Extent 306 p. ;
Dimensions 18 cm.
506 ## - RESTRICTIONS ON ACCESS NOTE
Standardized terminology for access restriction Необхідна авторизація на https://archive.org/ (створення облікового запису безкоштовно)
506 ## - RESTRICTIONS ON ACCESS NOTE
Standardized terminology for access restriction Необхідна авторизація на https://openlibrary.org/ (створення облікового запису безкоштовно)
856 41 - ELECTRONIC LOCATION AND ACCESS
Uniform Resource Identifier <a href="http://www.archive.org/details/prideofhealers00hirs">http://www.archive.org/details/prideofhealers00hirs</a>
Public note Free eBook from the Internet Archive
856 42 - ELECTRONIC LOCATION AND ACCESS
Uniform Resource Identifier <a href="http://www.openlibrary.org/books/OL24217280M">http://www.openlibrary.org/books/OL24217280M</a>
Public note Additional information and access via Open Library
942 ## - ADDED ENTRY ELEMENTS (KOHA)
Koha item type ЕКнига

Немає доступних примірників.